Gaming Quiz

Random Gaming Quiz

Every top 20 melee player from 2013-2019 Quiz Stats

 Plays Quiz not verified by Sporcle

Support Sporcle.
Go Orange.
Score 0/23 Timer 05:00
0 Plays Today
Answer % Correct
Mango
100%
Armada
100%
Hungrybox
100%
Mew2King
100%
PPMD
98.2%
Plup
96.4%
SFAT
94.6%
Axe
92.9%
Leffen
92.9%
PewPewU
91.1%
Wizzrobe
91.1%
S2J
91.1%
Answer % Correct
Westballz
87.5%
Hax
85.7%
Zain
85.7%
Shroomed
83.9%
Amsa
83.9%
ChuDat
75%
iBDW
75%
Wobbles
62.5%
KirbyKaze
53.6%
Colbol
37.5%
Fly Aminita
21.4%

You're not logged in!

Compare scores with friends on all Sporcle quizzes.
OR
Log In

From the Vault

2016 Movie Taglines

by Gorguf

Fantastic Taglines and Where To Find Them.
Remove Ads.
Support Sporcle.
Get the best of Sporcle when you Go Orange. This ad-free experience offers more features, more stats, and more fun while also helping to support Sporcle. Thank you for becoming a member.

Show Comments

Extras

Created Feb 26, 2020ReportNominate
Tags:melee, Player

Top Quizzes Today


Score Distribution

Your Account Isn't Verified!

In order to create a playlist on Sporcle, you need to verify the email address you used during registration. Go to your Sporcle Settings to finish the process.

Report this User

Report this user for behavior that violates our Community Guidelines.

Details: